Semiología del teatro

Na minha lista:
Detalhes bibliográficos
Autor principal: Adrados, Francisco R.
Formato: Livro
Idioma:Undetermined
Publicado em: Barcelona, España Planeta 1975
Assuntos:
Tags: Adicionar Tag
Sem tags, seja o primeiro a adicionar uma tag!

MARC

LEADER 00000nam a2200000Ia 4500
008 170316s9999 xx 000 0 und d
090 |a 792 A-1s 
100 |a Adrados, Francisco R. 
245 |a Semiología del teatro 
260 |a Barcelona, España 
260 |b Planeta 
260 |c 1975 
300 |a 333 páginas 
650 |a TEATRO 
999 |c 19693  |d 19693 
040 |a cru BVZT 
942 |c 15 D  |h 792 A-1s  |2 z